000 00549nam a2200181Ia 4500
999 _c28439
_d28439
003 OSt
005 20201123105453.0
008 190216s9999||||xx |||||||||||||| ||und||
020 _a9788130001272
040 _coclc
082 _a920
_bRAD/B
100 _aRadhakrishnan, Kiliroor
_96842
245 0 _aBasheer :
_bVeritta Kazhchakal /
_cKiliroor Radhakrishnan
260 _bPoorna Publications,
_aKozhikode:
_c2015.
300 _a143p
650 _aMalayalam-Malayalam Criticism
942 _cBK
_2ddc
_h920
_iRAD/B
_k920
_mRAD/B